[Event "4NCL Division 3 South"]
[Site "Milton Keynes, ENG"]
[Date "2021.11.21"]
[Round "2.104"]
[White "Wilton, Maximilian"]
[Black "Portheault, Benjamin"]
[Result "1-0"]
[WhiteElo "1990"]
[BlackElo "1661"]
[PlyCount "67"]
[EventDate "2021.11.21"]
[WhiteTeam "Sussex Martlets 3"]
[BlackTeam "Celtic Tigers 3"]

1. e4 d5 2. exd5 Nf6 3. d4 Bg4 4. Nf3 Qxd5 5. Be2 Nc6 6. c3 O-O-O 7. Qb3 Qh5 8.
Bf4 e5 9. dxe5 Nxe5 10. Nbd2 Nd3+ 11. Bxd3 Rxd3 12. Qc4 Rd7 13. O-O Bd6 14.
Rfe1 Be6 15. Qa4 Kb8 16. Ne5 Bxe5 17. Rxe5 Qg6 18. Ra5 a6 19. Rg5 Qd3 20. Rg3
Qd5 21. Rxg7 h6 22. Be3 Nh5 23. Rg4 Bxg4 24. Qxg4 Rdd8 25. c4 Qe5 26. Nf3 Qxb2
27. Re1 Nf6 28. Qf4 Rhg8 29. Bd4 Rxd4 30. Nxd4 Nd7 31. Qxf7 Rd8 32. Qe7 Kc8 33.
Ne6 Rg8 34. Rd1 {time} 1-0

[Event "4NCL Division 3 South"]
[Site "Milton Keynes, ENG"]
[Date "2021.11.21"]
[Round "2.105"]
[White "Turner, Jeremy"]
[Black "Woods, Timothy J"]
[Result "1/2-1/2"]
[WhiteElo "1286"]
[BlackElo "1645"]
[PlyCount "55"]
[EventDate "2021.11.21"]
[WhiteTeam "Celtic Tigers 3"]
[BlackTeam "Sussex Martlets 3"]

1. c4 g6 2. g3 Bg7 3. Bg2 d6 4. Nc3 Nc6 5. e4 e5 6. Nge2 f5 7. d3 Nf6 8. O-O
O-O 9. exf5 gxf5 10. f4 Kh8 11. fxe5 dxe5 12. Bg5 Nd4 13. Nd5 c6 14. Nxd4 cxd5
15. Nxf5 Bxf5 16. Rxf5 dxc4 17. dxc4 Qb6+ 18. Kh1 Qxb2 19. Qf1 Ng4 20. Rb1 Rxf5
21. Rxb2 Rxf1+ 22. Bxf1 Rf8 23. Bg2 b6 24. Re2 Nf2+ 25. Kg1 Nd3 26. Be4 Nc5 27.
Be3 Rf7 28. Bd5 1/2-1/2

[Event "4NCL Division 3 South"]
[Site "Milton Keynes, ENG"]
[Date "2021.11.21"]
[Round "2.106"]
[White "Finn, Elizabeth"]
[Black "Osseiran, Nadim"]
[Result "1-0"]
[WhiteElo "1645"]
[BlackElo "1166"]
[PlyCount "41"]
[EventDate "2021.11.21"]
[WhiteTeam "Sussex Martlets 3"]
[BlackTeam "Celtic Tigers 3"]

1. d4 f5 2. Nf3 Nf6 3. Bf4 e6 4. e3 Be7 5. Bd3 b6 6. O-O Nh5 7. Ne5 Nxf4 8.
exf4 O-O 9. c4 Bb7 10. d5 d6 11. Nf3 exd5 12. cxd5 Bxd5 13. Nd4 Qd7 14. Nc3 Bb7
15. Re1 g6 16. Ne6 Re8 17. Bc4 d5 18. Nxd5 Qc6 19. Nxe7+ Rxe7 20. Qd8+ Kf7 21.
Qf8# 1-0

[Event "4NCL Division 3 South"]
[Site "Milton Keynes, ENG"]
[Date "2021.11.21"]
[Round "2.111"]
[White "Nelson, Omowale"]
[Black "Balloglu, Piro"]
[Result "1-0"]
[WhiteElo "1975"]
[BlackElo "2080"]
[PlyCount "57"]
[EventDate "2021.11.21"]
[WhiteTeam "Watford A"]
[BlackTeam "Hackney Returns"]

1. d4 d5 2. c4 c6 3. Nf3 Nf6 4. Qc2 g6 5. g3 Bg7 6. Bg2 O-O 7. O-O Nbd7 8. Rd1
Re8 9. Bf4 Nb6 10. b3 Bf5 11. Qc1 Rc8 12. a4 Nh5 13. Bg5 Nd7 14. Nc3 Qb6 15.
Ra3 e5 16. a5 Qc7 17. h3 Be6 18. dxe5 Nxe5 19. g4 Nf6 20. Nxe5 d4 21. Rxd4 Qxe5
22. Rd3 Qc5 23. Be3 Qb4 24. Na2 Qe7 25. Bxa7 Bf8 26. b4 Qc7 27. Bb6 Qe5 28. Bd4
Qxe2 29. Bf3 1-0

[Event "4NCL Division 3 South"]
[Site "Milton Keynes, ENG"]
[Date "2021.11.21"]
[Round "2.112"]
[White "Robinson, Adam"]
[Black "Lancaster, Roger"]
[Result "1/2-1/2"]
[WhiteElo "1993"]
[BlackElo "1953"]
[PlyCount "76"]
[EventDate "2021.11.21"]
[WhiteTeam "Hackney Returns"]
[BlackTeam "Watford A"]

1. e4 e6 2. d4 d5 3. Nd2 c5 4. Ngf3 Nc6 5. exd5 exd5 6. dxc5 Bxc5 7. Nb3 Bb6 8.
Bg5 f6 9. Bf4 Nge7 10. Qd2 O-O 11. O-O-O Be6 12. h4 a5 13. Kb1 a4 14. Nbd4 Nxd4
15. Nxd4 Bxd4 16. Qxd4 Nc6 17. Qc5 Bf7 18. g4 Ra5 19. Bb5 Qc8 20. h5 Rd8 21.
Qb6 Ra8 22. g5 d4 23. g6 Bd5 24. gxh7+ Kxh7 25. Bd3+ f5 26. Rh2 Qe6 27. h6 g6
28. Qxb7+ Ne7 29. Qc7 Bxa2+ 30. Kc1 a3 31. Qe5 axb2+ 32. Kxb2 Qxe5 33. Bxe5 Nc6
34. Bf4 Bd5 35. Rb1 Rd7 36. Kc1 Re8 37. Kd2 Be4 38. Rb6 Bxd3 1/2-1/2

[Event "4NCL Division 3 South"]
[Site "Milton Keynes, ENG"]
[Date "2021.11.21"]
[Round "2.113"]
[White "Taylor, Alistair"]
[Black "Jones, Zebedee"]
[Result "1-0"]
[WhiteElo "1840"]
[BlackElo "1638"]
[PlyCount "35"]
[EventDate "2021.11.21"]
[WhiteTeam "Watford A"]
[BlackTeam "Hackney Returns"]

1. d4 Nf6 2. c4 e6 3. Nc3 Bb4 4. Nf3 b6 5. Qb3 c5 6. Bg5 d5 7. cxd5 exd5 8.
Bxf6 gxf6 9. O-O-O Bxc3 10. Qxc3 c4 11. e4 dxe4 12. Nd2 b5 13. Nxe4 Bf5 14. Qe3
O-O 15. Ng3 Qd5 16. Nh5 Nd7 17. Qh6 Bg6 18. Qg7# 1-0

[Event "4NCL Division 3 South"]
[Site "Milton Keynes, ENG"]
[Date "2021.11.21"]
[Round "2.114"]
[White "Field, Matthew"]
[Black "Dasgupta, Avyukt"]
[Result "1-0"]
[WhiteElo "1450"]
[BlackElo "1814"]
[PlyCount "141"]
[EventDate "2021.11.21"]
[WhiteTeam "Hackney Returns"]
[BlackTeam "Watford A"]

1. e4 e6 2. d4 d5 3. Nc3 dxe4 4. Nxe4 Bd7 5. Nf3 Bc6 6. Bd3 Nd7 7. O-O Ngf6 8.
Bg5 Be7 9. Bxf6 Nxf6 10. Ng3 O-O 11. Ne5 Qd5 12. Nxc6 Qxc6 13. c3 Rfd8 14. Qe2
Qb6 15. Ne4 Nxe4 16. Qxe4 g6 17. b4 Rd7 18. Rfe1 Bf6 19. Bc4 Rad8 20. h4 Bxd4
21. cxd4 Rxd4 22. Qe2 Rd2 23. Qf3 R8d4 24. Bb3 Qxb4 25. Rad1 Rf4 26. Qe3 Rfxf2
27. Rxd2 Rxd2 28. Bxe6 Qd4 29. Bb3 Kf8 30. Qxd4 Rxd4 31. g3 c5 32. Rc1 b6 33.
Rc4 Rd3 34. Kf2 f5 35. Rf4 h5 36. Rf3 Rd2+ 37. Ke3 Rd4 38. Ke2 Rg4 39. Kf2 Rd4
40. Ke3 b5 41. Rf4 Rd6 42. Rf2 Ke7 43. Rd2 Rxd2 44. Kxd2 c4 45. Bc2 Kd6 46. Ke3
Ke5 47. a3 a5 48. Bb1 b4 49. axb4 axb4 50. Bc2 b3 51. Bd1 Kd5 52. Bf3+ Kc5 53.
Bd1 Kb4 54. Kd2 c3+ 55. Kd3 c2 56. Bxc2 bxc2 57. Kxc2 Kc4 58. Kd2 Kd4 59. Ke2
Ke4 60. Kf2 f4 61. Kg2 f3+ 62. Kf2 Ke5 63. Kxf3 Kf5 64. Kg2 Kg4 65. Kf2 Kh3 66.
Kf3 Kh2 67. Kf4 Kg2 68. g4 Kh3 69. gxh5 gxh5 70. Kg5 Kg3 71. Kxh5 1-0

[Event "4NCL Division 3 South"]
[Site "Milton Keynes, ENG"]
[Date "2021.11.21"]
[Round "2.115"]
[White "Mead-Herbert, Bradley"]
[Black "Wouters, Olivier"]
[Result "1/2-1/2"]
[WhiteElo "1555"]
[BlackElo "1357"]
[PlyCount "90"]
[EventDate "2021.11.21"]
[WhiteTeam "Watford A"]
[BlackTeam "Hackney Returns"]

1. e4 c5 2. d4 cxd4 3. c3 dxc3 4. Bc4 e6 5. Nxc3 Bb4 6. Nge2 Ne7 7. a3 Ba5 8.
b4 Bb6 9. Bb2 O-O 10. Na4 Bc7 11. Ng3 Nbc6 12. O-O Be5 13. Nc3 a6 14. f4 Bd4+
15. Kh1 b5 16. Bd3 d5 17. e5 Bb7 18. Qh5 Ng6 19. Rf3 Qh4 20. Bxg6 Qxh5 21. Bxh5
Rac8 22. Nd1 Ba7 23. Rd3 a5 24. bxa5 Nxa5 25. Ne3 Nc4 26. Bc1 Rc6 27. Bf3 Rfc8
28. Nxc4 bxc4 29. Rd1 R6c7 30. Ne2 c3 31. Nd4 Ba6 32. Be2 Bxe2 33. Nxe2 Rc4 34.
Rd3 d4 35. Rb1 Bc5 36. Rb7 Ra8 37. Rd7 h6 38. Nxd4 Bxa3 39. Bxa3 Rxa3 40. Ne2
c2 41. g3 Rxd3 42. Rxd3 c1=Q+ 43. Nxc1 Rxc1+ 44. Kg2 g6 45. h4 h5 1/2-1/2

[Event "4NCL Division 3 South"]
[Site "Milton Keynes, ENG"]
[Date "2021.11.21"]
[Round "2.116"]
[White "Bar-Tal, Shir"]
[Black "Shine, Patrick"]
[Result "0-1"]
[WhiteElo "1338"]
[BlackElo "1300"]
[PlyCount "74"]
[EventDate "2021.11.21"]
[WhiteTeam "Hackney Returns"]
[BlackTeam "Watford A"]

1. e4 Nf6 2. e5 Nd5 3. d4 d6 4. Bc4 Nb6 5. Bb3 dxe5 6. Qh5 e6 7. dxe5 Nc6 8.
Bg5 Qd4 9. Nc3 Bb4 10. Bd2 Qxe5+ 11. Qxe5 Nxe5 12. a3 Bd6 13. Nb5 Bd7 14. Nxd6+
cxd6 15. Bf4 Bc6 16. f3 Ke7 17. O-O-O Bb5 18. Nh3 Rac8 19. Ng5 Nd3+ 20. Rxd3
Bxd3 21. Rd1 Bc4 22. Bxd6+ Ke8 23. Bxc4 Nxc4 24. Bb4 h6 25. Ne4 Rd8 26. Rxd8+
Kxd8 27. b3 Ne3 28. Nd6 Kd7 29. Nxf7 Rc8 30. Ne5+ Ke8 31. c3 Nd5 32. Nc4 Kd8
33. Kd2 Nxb4 34. cxb4 Ke7 35. Ke3 Kf6 36. Nd6 Rc3+ 37. Kd4 Rxb3 0-1

[Event "4NCL Division 3 South"]
[Site "Milton Keynes, ENG"]
[Date "2021.11.21"]
[Round "2.121"]
[White "Shah, Kian"]
[Black "Majeed, Haroon"]
[Result "1/2-1/2"]
[WhiteElo "1780"]
[BlackElo "1835"]
[PlyCount "123"]
[EventDate "2021.11.21"]
[WhiteTeam "Cambridge University Y"]
[BlackTeam "Iceni 3"]

1. e4 c5 2. Nf3 e6 3. d4 cxd4 4. Nxd4 a6 5. Be3 Qc7 6. Be2 Nf6 7. f3 d5 8. Nd2
Bd6 9. g3 Nbd7 10. c4 dxe4 11. Nxe4 Nxe4 12. fxe4 Nf6 13. Bf3 Qxc4 14. b3 Qb4+
15. Kf2 Be5 16. Rc1 O-O 17. Nc2 Qe7 18. Ne1 Rd8 19. Nd3 Bd4 20. Qc2 Bxe3+ 21.
Kxe3 Qd6 22. e5 Qd4+ 23. Ke2 Ng4 24. Bxg4 Qxg4+ 25. Kf2 Bd7 26. Rhd1 Bc6 27.
Ne1 g6 28. Qe2 Qf5+ 29. Nf3 Bxf3 30. Qxf3 Qxe5 31. Qxb7 Qb2+ 32. Kg1 Qxa2 33.
Rf1 Rf8 34. Rc7 Rab8 35. Qa7 Ra8 36. Qb7 Qb2 37. Rfxf7 Qa1+ 38. Kg2 Rxf7 39.
Rxf7 Rd8 40. Qe7 Qd4 41. Qxe6 Qd5+ 42. Qxd5 Rxd5 43. Ra7 Rd6 44. Kh3 Rb6 45.
Kg4 h6 46. Kf4 Kf8 47. Ke5 h5 48. Kf4 Rxb3 49. Rxa6 Kg7 50. h4 Rb5 51. Rc6 Rf5+
52. Ke4 Rf1 53. Rc7+ Kh6 54. Rc6 Rf7 55. Ra6 Kg7 56. Rb6 Rc7 57. Ra6 Rc4+ 58.
Kf3 Rg4 59. Rb6 Kf7 60. Ra6 Rc4 61. Ra7+ Kf6 62. Ra6+ 1/2-1/2

[Event "4NCL Division 3 South"]
[Site "Milton Keynes, ENG"]
[Date "2021.11.21"]
[Round "2.122"]
[White "Lovell, Steve"]
[Black "Balasundaram, Sivasatyan"]
[Result "1/2-1/2"]
[WhiteElo "1824"]
[BlackElo "1722"]
[PlyCount "62"]
[EventDate "2021.11.21"]
[WhiteTeam "Iceni 3"]
[BlackTeam "Cambridge University Y"]

1. e4 e6 2. d4 d5 3. Nd2 c5 4. exd5 Qxd5 5. Ngf3 cxd4 6. Bc4 Qd6 7. O-O Nc6 8.
Re1 Nf6 9. Nb3 Bd7 10. Nbxd4 Nxd4 11. Qxd4 Rc8 12. Bb3 Qxd4 13. Nxd4 Bd6 14.
Nf5 Bb8 15. Bg5 Kf8 16. Ng3 h6 17. Bd2 h5 18. Rad1 h4 19. Ne4 Bc6 20. Bb4+ Kg8
21. Ng5 Rh5 22. Nxf7 Nd5 23. Bxd5 Bxd5 24. Nd6 Bxd6 25. Bxd6 Rg5 26. g3 hxg3
27. Bxg3 Rxc2 28. Re5 Rxe5 29. Bxe5 Kf7 30. a3 g6 31. Bc3 Re2 1/2-1/2

[Event "4NCL Division 3 South"]
[Site "Milton Keynes, ENG"]
[Date "2021.11.21"]
[Round "2.123"]
[White "Gurjar, Roshan"]
[Black "Gaffney, Samuel"]
[Result "1/2-1/2"]
[WhiteElo "1720"]
[BlackElo "1817"]
[PlyCount "37"]
[EventDate "2021.11.21"]
[WhiteTeam "Cambridge University Y"]
[BlackTeam "Iceni 3"]

1. e4 d5 2. f3 e5 3. exd5 Qxd5 4. Nc3 Qd8 5. d3 Nc6 6. f4 Bd6 7. fxe5 Bxe5 8.
Nf3 Bg4 9. Be2 Bxf3 10. Bxf3 Nge7 11. Be3 O-O 12. Qd2 Nf5 13. Bf2 Bxc3 14. Qxc3
Re8+ 15. Be4 Nd6 16. O-O-O Nxe4 17. dxe4 Qe7 18. Rhe1 Rad8 19. Qf3 1/2-1/2

[Event "4NCL Division 3 South"]
[Site "Milton Keynes, ENG"]
[Date "2021.11.21"]
[Round "2.124"]
[White "Donaghay, Richard H"]
[Black "Gurjar, Siena"]
[Result "1-0"]
[WhiteElo "1818"]
[BlackElo "1578"]
[PlyCount "73"]
[EventDate "2021.11.21"]
[WhiteTeam "Iceni 3"]
[BlackTeam "Cambridge University Y"]

1. e4 c6 2. d4 d5 3. exd5 cxd5 4. Nf3 Nf6 5. Be2 Bf5 6. O-O a6 7. b3 e6 8. Bg5
h6 9. Bh4 Bd6 10. c4 O-O 11. c5 Be7 12. Nbd2 Nc6 13. a3 a5 14. Bb5 Qc7 15. Bg3
Qc8 16. Re1 Bg4 17. Qc1 Bxf3 18. Nxf3 Ne4 19. Bf4 Bf6 20. Qe3 Re8 21. Bd3 e5
22. dxe5 Bxe5 23. Bxe5 Nxe5 24. Nxe5 Rxe5 25. Qd4 Qe6 26. f3 Re8 27. fxe4 dxe4
28. Bc4 Qf5 29. Rf1 Qg6 30. Bxf7+ Qxf7 31. Rxf7 Kxf7 32. Qc4+ Kf6 33. Rf1+ Kg5
34. Qf7 e3 35. Qxg7+ Kh5 36. h3 Rg5 37. Qf7+ 1-0

[Event "4NCL Division 3 South"]
[Site "Milton Keynes, ENG"]
[Date "2021.11.21"]
[Round "2.125"]
[White "Evans, Daniel"]
[Black "Jones, Robert L"]
[Result "0-1"]
[WhiteElo "1533"]
[BlackElo "1725"]
[PlyCount "48"]
[EventDate "2021.11.21"]
[WhiteTeam "Cambridge University Y"]
[BlackTeam "Iceni 3"]

1. e4 e6 2. d4 d5 3. Nd2 c5 4. c3 Nc6 5. Ngf3 cxd4 6. cxd4 dxe4 7. Nxe4 Nf6 8.
Bg5 Bb4+ 9. Nc3 Qa5 10. Bd2 Qb6 11. Nb5 O-O 12. Bd3 a6 13. Bxb4 Nxb4 14. Nc3
Bd7 15. O-O Rac8 16. Rb1 Rfd8 17. Be4 Nxe4 18. Nxe4 Bb5 19. Re1 Nc2 20. Neg5
Nxe1 21. Qxe1 h6 22. Qe4 hxg5 23. Nxg5 Qxd4 24. Qxb7 Qd1+ 0-1

[Event "4NCL Division 3 South"]
[Site "Milton Keynes, ENG"]
[Date "2021.11.21"]
[Round "2.126"]
[White "Rosenbaum, Danny"]
[Black "Sivanandan, Bodhana"]
[Result "1-0"]
[WhiteElo "1623"]
[BlackElo "1500"]
[PlyCount "141"]
[EventDate "2021.11.21"]
[WhiteTeam "Iceni 3"]
[BlackTeam "Cambridge University Y"]

1. e4 e5 2. Bc4 Nc6 3. Nf3 Bc5 4. d3 Nf6 5. O-O O-O 6. Bg5 d6 7. Nc3 Be6 8. Nd5
Bxd5 9. Bxd5 a6 10. Bh4 Rb8 11. a3 a5 12. c3 Na7 13. b4 axb4 14. axb4 Bb6 15.
Bb3 c6 16. c4 c5 17. b5 Nc8 18. Qd2 Bc7 19. Ne1 Nb6 20. f4 Nbd7 21. fxe5 dxe5
22. Nc2 Bd6 23. Ne3 Re8 24. Nf5 Re6 25. Rf3 Qc7 26. Rg3 Nh5 27. Rg4 Rg6 28. Bd1
Ndf6 29. Rxg6 fxg6 30. Bxh5 Nxh5 31. Ne3 g5 32. Bf2 Qd8 33. g3 Ra8 34. Qb2
Rxa1+ 35. Qxa1 Qd7 36. Qa7 Nf6 37. Nf5 Ng4 38. Bxc5 Bxc5+ 39. Qxc5 Qxd3 40.
Qd5+ Qxd5 41. exd5 g6 42. Nd6 Ne3 43. Kf2 Ng4+ 44. Kf3 Nxh2+ 45. Ke4 Nf1 46.
Kf3 Nd2+ 47. Ke2 Nb3 48. Nxb7 h5 49. d6 Nd4+ 50. Kf2 h4 51. d7 Ne6 52. d8=Q+
Nxd8 53. Nxd8 h3 54. b6 e4 55. b7 e3+ 56. Kxe3 h2 57. b8=Q h1=Q 58. Ne6+ Kf7
59. Nxg5+ Kf6 60. Qf4+ Ke7 61. Qe4+ Kf6 62. Qxh1 Kxg5 63. Qd5+ Kg4 64. c5 Kxg3
65. c6 Kh4 66. c7 g5 67. c8=Q g4 68. Qh8+ Kg3 69. Qde5+ Kg2 70. Qhh2+ Kf1 71.
Qa1# 1-0

[Event "4NCL Division 3 South"]
[Site "Milton Keynes, ENG"]
[Date "2021.11.21"]
[Round "2.131"]
[White "Sanfey, Peter"]
[Black "Chilton, James I"]
[Result "0-1"]
[WhiteElo "1270"]
[BlackElo "1725"]
[PlyCount "58"]
[EventDate "2021.11.21"]
[WhiteTeam "Barnet Knights D"]
[BlackTeam "Wessex Some Stars C"]

1. e4 c5 2. Nf3 e6 3. Bc4 a6 4. O-O b5 5. Be2 Bb7 6. e5 d5 7. d4 Nc6 8. Be3
cxd4 9. Nxd4 Nxe5 10. Nd2 Nf6 11. Bf4 Bd6 12. Bxe5 Bxe5 13. N2f3 Bd6 14. Re1
O-O 15. g3 Re8 16. b3 Bb4 17. Rf1 e5 18. a3 Bc3 19. Rc1 exd4 20. Qd3 Qe7 21.
Nxd4 Bxd4 22. Rfe1 Qc5 23. b4 Bxf2+ 24. Kf1 Qd4 25. Red1 Qxd3 26. cxd3 Bb6 27.
Bf3 Rac8 28. Rxc8 Bxc8 29. Rc1 Bh3+ 0-1

[Event "4NCL Division 3 South"]
[Site "Milton Keynes, ENG"]
[Date "2021.11.21"]
[Round "2.132"]
[White "Hillman, Graham"]
[Black "Wolstenholme, Theo"]
[Result "1-0"]
[WhiteElo "1684"]
[BlackElo "1345"]
[PlyCount "69"]
[EventDate "2021.11.21"]
[WhiteTeam "Wessex Some Stars C"]
[BlackTeam "Barnet Knights D"]

1. e4 e5 2. Nf3 Nc6 3. Bb5 Bc5 4. h3 Nf6 5. d3 Nd4 6. Nxd4 Bxd4 7. c3 Bb6 8.
Bg5 c6 9. Ba4 h6 10. Bh4 d5 11. Nd2 g5 12. Bg3 dxe4 13. dxe4 Qd6 14. Qf3 Bc7
15. O-O-O g4 16. Qe2 b5 17. Bb3 h5 18. Bh4 Bd7 19. Nc4 Qe7 20. Ne3 O-O-O 21. a4
a6 22. axb5 axb5 23. f3 Kb7 24. Kc2 Rh6 25. hxg4 hxg4 26. Nxg4 Bxg4 27. Rxd8
Bxf3 28. gxf3 Bxd8 29. Qe3 Rg6 30. Bf2 Kc8 31. Ra1 Qb7 32. Ra7 Qb8 33. Bxf7 Rg7
34. Be6+ Nd7 35. Qd3 1-0

[Event "4NCL Division 3 South"]
[Site "Milton Keynes, ENG"]
[Date "2021.11.21"]
[Round "2.133"]
[White "Pang, Ethan"]
[Black "Deacon, David J"]
[Result "1/2-1/2"]
[WhiteElo "1272"]
[BlackElo "1638"]
[PlyCount "61"]
[EventDate "2021.11.21"]
[WhiteTeam "Barnet Knights D"]
[BlackTeam "Wessex Some Stars C"]

1. e4 c5 2. Nf3 e6 3. d4 cxd4 4. Nxd4 Nf6 5. Nc3 d6 6. Be3 a6 7. f3 b5 8. Qd2
Nbd7 9. g4 Nb6 10. b3 Bb7 11. Bg2 Rc8 12. a3 Be7 13. O-O Nfd7 14. Nce2 Qc7 15.
c3 O-O 16. f4 Nc5 17. Qc2 d5 18. e5 Ne4 19. Bxe4 dxe4 20. g5 Nd5 21. Bd2 Qb6
22. h4 Bc5 23. Qd1 Rfd8 24. b4 Bf8 25. Qe1 e3 26. Bc1 Nxc3 27. Bxe3 Nxe2+ 28.
Qxe2 Rc3 29. Rfd1 Qc7 30. h5 Qc4 31. Qf2 1/2-1/2

[Event "4NCL Division 3 South"]
[Site "Milton Keynes, ENG"]
[Date "2021.11.21"]
[Round "2.134"]
[White "Deacon, Nicholas"]
[Black "Vaidya, Pranav"]
[Result "1-0"]
[WhiteElo "1410"]
[BlackElo "1154"]
[PlyCount "161"]
[EventDate "2021.11.21"]
[WhiteTeam "Wessex Some Stars C"]
[BlackTeam "Barnet Knights D"]

1. d4 Nf6 2. c4 e6 3. Nc3 Bb4 4. a3 Bxc3+ 5. bxc3 c5 6. Bg5 cxd4 7. cxd4 Qa5+
8. Bd2 Qc7 9. e3 O-O 10. Nf3 Nc6 11. Bd3 d6 12. O-O e5 13. d5 Ne7 14. Be2 e4
15. Nd4 a6 16. Bb4 Re8 17. Rc1 Qd8 18. Qd2 a5 19. Bc3 Ng6 20. Nb3 b6 21. Rfd1
Ne5 22. Qb2 Bg4 23. Bxg4 Nfxg4 24. h3 Nf6 25. c5 Nd3 26. Bxf6 Qxf6 27. Qxf6
gxf6 28. Rc2 bxc5 29. Rb1 Re5 30. Rc4 Rb8 31. Kf1 a4 32. Rxa4 f5 33. Ke2 Rxd5
34. f4 exf3+ 35. gxf3 c4 36. Rxc4 Nc5 37. Rb4 Ra8 38. Nxc5 Rxc5 39. Rb8+ Rxb8
40. Rxb8+ Kg7 41. Ra8 Kf6 42. a4 Ke6 43. a5 Kd7 44. a6 h5 45. a7 Ra5 46. Kf2
Kc7 47. Kg3 Ra4 48. f4 Kb7 49. Rd8 Kxa7 50. Rxd6 Ra3 51. Kf3 Ra1 52. Rd7+ Kb6
53. Rxf7 Rh1 54. Kg2 Re1 55. Rxf5 Rxe3 56. Rxh5 Kc7 57. Re5 Ra3 58. h4 Ra8 59.
Kg3 Rg8+ 60. Kf3 Rh8 61. Kg4 Rg8+ 62. Kf3 Rh8 63. Kg3 Rg8+ 64. Kh3 Rf8 65. f5
Kd6 66. Ra5 Ke7 67. Kg4 Rg8+ 68. Kf4 Rh8 69. Ra7+ Kf6 70. Ra6+ Kf7 71. Kg5 Rg8+
72. Rg6 Rh8 73. h5 Rh7 74. h6 Kf8 75. f6 Kf7 76. Rg7+ Rxg7+ 77. fxg7 Kg8 78.
Kf6 Kh7 79. Kf7 Kxh6 80. g8=Q Kh5 81. Kf6 1-0

[Event "4NCL Division 3 South"]
[Site "Milton Keynes, ENG"]
[Date "2021.11.21"]
[Round "2.135"]
[White "Lee, Xander"]
[Black "Deacon, Matthew"]
[Result "0-1"]
[WhiteElo "1000"]
[BlackElo "1258"]
[PlyCount "70"]
[EventDate "2021.11.21"]
[WhiteTeam "Barnet Knights D"]
[BlackTeam "Wessex Some Stars C"]

1. e4 c5 2. Nc3 g6 3. g3 Bg7 4. Bg2 Nc6 5. d3 d6 6. Be3 Nf6 7. h3 Bd7 8. Qd2
Rb8 9. Nf3 b5 10. Bh6 O-O 11. h4 b4 12. Nd5 Nxd5 13. Bxg7 Kxg7 14. exd5 Na5 15.
h5 Bf5 16. hxg6 Bxg6 17. Qh6+ Kf6 18. Rh5 e6 19. Qg5+ Kg7 20. Nh4 Qxg5 21. Rxg5
e5 22. Nxg6 hxg6 23. f4 f5 24. fxe5 dxe5 25. Bh3 Kf6 26. Bxf5 Kxg5 27. Be6 Rh8
28. O-O-O Nb7 29. Re1 Nd6 30. Rxe5+ Nf5 31. d6 Kf6 32. Re2 Nxd6 33. Bb3 Rbe8
34. Rf2+ Kg7 35. g4 Ref8 0-1

[Event "4NCL Division 3 South"]
[Site "Milton Keynes, ENG"]
[Date "2021.11.21"]
[Round "2.136"]
[White "Cuthbert, Larissa"]
[Black "Morin, Julian"]
[Result "1-0"]
[WhiteElo "1049"]
[BlackElo "1000"]
[PlyCount "107"]
[EventDate "2021.11.21"]
[WhiteTeam "Wessex Some Stars C"]
[BlackTeam "Barnet Knights D"]

1. d4 d5 2. Bf4 Nf6 3. e3 Bf5 4. Nc3 c6 5. Nf3 Nbd7 6. Qd2 e6 7. O-O-O Be7 8.
h3 Ne4 9. Nxe4 Bxe4 10. Bd3 Bxd3 11. Qxd3 Qb6 12. e4 O-O 13. e5 c5 14. g4 c4
15. Qe3 Bb4 16. g5 Rfc8 17. c3 a5 18. Kd2 Be7 19. Rb1 Nf8 20. h4 Qd8 21. h5 g6
22. hxg6 fxg6 23. Rh2 Kf7 24. Rbh1 Ke8 25. Rg1 b5 26. Rhh1 b4 27. Nh2 Rcb8 28.
Rb1 bxc3+ 29. bxc3 Rxb1 30. Rxb1 Rb8 31. Rc1 Ba3 32. Rc2 Qe7 33. Ng4 Rb2 34.
Nf6+ Kd8 35. Rxb2 Bxb2 36. Qe1 Qa3 37. Ke2 Qxa2 38. Kf3 a4 39. Qh1 Qa1 40. Qh6
Qd1+ 41. Kg2 Ba3 42. Qg7 Be7 43. Qf7 Bxf6 44. Qxf8+ Kd7 45. Qd6+ Kc8 46. Qxe6+
Kb7 47. exf6 a3 48. f7 Qb3 49. Qxd5+ Ka7 50. Qc5+ Ka6 51. Qc6+ Ka7 52. f8=Q Qb7
53. Qxa3+ Qa6 54. Qaxa6# 1-0

[Event "4NCL Division 3 South"]
[Site "Milton Keynes, ENG"]
[Date "2021.11.21"]
[Round "2.141"]
[White "Bloom, Paul"]
[Black "Hylands, Keith"]
[Result "1/2-1/2"]
[WhiteElo "1673"]
[BlackElo "1369"]
[PlyCount "104"]
[EventDate "2021.11.21"]
[WhiteTeam "Barnet Knights C"]
[BlackTeam "Watford B"]

1. e4 c6 2. d4 d5 3. e5 e6 4. Bd3 c5 5. c3 c4 6. Bc2 Ne7 7. Ne2 Ng6 8. Nd2 Be7
9. Nf3 Nd7 10. Be3 Ndf8 11. g3 a6 12. h4 Nd7 13. h5 Ngf8 14. g4 f6 15. Bf4 Nb8
16. Qd2 h6 17. Ng3 Nbd7 18. Qe2 Qb6 19. Nh4 Kd8 20. Bb1 Rg8 21. Ng6 Nxg6 22.
Bxg6 fxe5 23. dxe5 Rf8 24. Be3 Qc7 25. Bd4 Bc5 26. Qe3 Bxd4 27. cxd4 Qa5+ 28.
Qc3 Qxa2 29. O-O Qb3 30. Qxb3 cxb3 31. f4 Nb6 32. f5 exf5 33. gxf5 Nc4 34. Rf2
b5 35. Re1 Nxb2 36. Rxb2 a5 37. Rxb3 b4 38. e6 Ke7 39. Rc1 Ra7 40. Bf7 Ba6 41.
Rc5 Bc4 42. Rb1 Rxf7 43. exf7 Kxf7 44. Rc6 b3 45. Nf1 a4 46. Ne3 Be2 47. Nd1 a3
48. Rxb3 a2 49. Rc1 a1=Q 50. Rxa1 Rxa1 51. Kf2 Bxh5 52. Rb7+ Kg8 1/2-1/2

[Event "4NCL Division 3 South"]
[Site "Milton Keynes, ENG"]
[Date "2021.11.21"]
[Round "2.142"]
[White "George, Seb"]
[Black "Grose, Kameron"]
[Result "1-0"]
[WhiteElo "1283"]
[BlackElo "1691"]
[PlyCount "73"]
[EventDate "2021.11.21"]
[WhiteTeam "Watford B"]
[BlackTeam "Barnet Knights C"]

1. e4 c5 2. Nf3 d6 3. d4 cxd4 4. Nxd4 Nf6 5. Nc3 a6 6. Be3 e6 7. Bd3 Be7 8. f3
b5 9. Qd2 Bb7 10. O-O-O Nbd7 11. g4 b4 12. Nce2 d5 13. g5 Nh5 14. Ng3 Nxg3 15.
hxg3 Nc5 16. e5 Nxd3+ 17. Qxd3 Bxg5 18. Bxg5 Qxg5+ 19. f4 Qg4 20. Rh4 Qg6 21.
Qxg6 fxg6 22. Nxe6 Ke7 23. Nc7 Rad8 24. Rd4 Rd7 25. Nxa6 Bxa6 26. Rxb4 Rc7 27.
Kd2 Bc8 28. Rb8 Ke6 29. Rb6+ Kf5 30. Ke3 h5 31. g4+ hxg4 32. Rxh8 g3 33. Rf8+
Kg4 34. Rxg6+ Kh3 35. Kf3 Kh2 36. Rh8+ Kg1 37. Rxg3+ 1-0

[Event "4NCL Division 3 South"]
[Site "Milton Keynes, ENG"]
[Date "2021.11.21"]
[Round "2.143"]
[White "Angelopoulos, Andreas"]
[Black "Keerthi Kumar, Advait"]
[Result "0-1"]
[WhiteElo "1540"]
[BlackElo "1040"]
[PlyCount "130"]
[EventDate "2021.11.21"]
[WhiteTeam "Barnet Knights C"]
[BlackTeam "Watford B"]

1. d4 e6 2. c4 f5 3. Nc3 Nf6 4. g3 Be7 5. Bg2 d6 6. Nf3 O-O 7. O-O c6 8. Qc2
Nbd7 9. Ng5 Nb6 10. b3 e5 11. dxe5 dxe5 12. e4 h6 13. Nf3 fxe4 14. Nxe5 Bf5 15.
Bb2 Qc7 16. Nxe4 Nxe4 17. Bxe4 Bxe4 18. Qxe4 Bf6 19. Nd3 Bxb2 20. Nxb2 Nd7 21.
Rae1 Rae8 22. Qd4 Ne5 23. Rxe5 Qxe5 24. Qd2 Qe2 25. Qc3 Rf3 26. Qd4 Kh7 27. Nd1
Rd3 28. Qa1 Qf3 29. Ne3 Rf8 30. Qb1 Qe2 31. a4 Kh8 32. b4 Rd2 33. Qg6 Rd3 34.
Nf5 Rd7 35. Ne3 Rdf7 36. Ng4 Qd2 37. f4 Qd4+ 38. Rf2 Re7 39. Kg2 Qe4+ 40. Qxe4
Rxe4 41. Ne5 Kh7 42. Rd2 b5 43. axb5 cxb5 44. cxb5 Rxb4 45. Nc6 Rxb5 46. Nxa7
Rb6 47. Rc2 Rb7 48. Nc8 Rd8 49. Kh3 Kg6 50. Kg4 h5+ 51. Kh4 Kf5 52. Rc5+ Ke6
53. Re5+ Kd7 54. Ne7 Re8 55. Ng6 Rxe5 56. Nxe5+ Ke6 57. Kxh5 Kf5 58. Nd3 Rb6
59. g4+ Ke4 60. Ne5 Kxf4 61. Ng6+ Ke4 62. h3 Kf3 63. Ne7 Kg2 64. h4 Kh3 65. Nf5
g6+ 0-1

[Event "4NCL Division 3 South"]
[Site "Milton Keynes, ENG"]
[Date "2021.11.21"]
[Round "2.144"]
[White "Kataria, Dhairya"]
[Black "Page, Thomas"]
[Result "0-1"]
[WhiteElo "1017"]
[BlackElo "1500"]
[PlyCount "66"]
[EventDate "2021.11.21"]
[WhiteTeam "Watford B"]
[BlackTeam "Barnet Knights C"]

1. e4 e5 2. Nf3 Nc6 3. Bc4 Bc5 4. Nc3 d6 5. h3 Nf6 6. d3 h6 7. O-O O-O 8. Be3
Bb6 9. Bxb6 axb6 10. d4 exd4 11. Nxd4 Ne5 12. Bb3 Ng6 13. Qd2 Nh5 14. f4 Qh4
15. f5 Ne5 16. Rf2 Nd7 17. Qe3 Re8 18. Kh2 Ndf6 19. Kg1 Nxe4 20. Re2 Nef6 21.
Qf3 Qxd4+ 22. Kh1 Rxe2 23. Nxe2 Qe4 24. Qf2 Qxe2 25. Qh4 Qe4 26. Qf2 Qxf5 27.
Qe2 Ng3+ 28. Kh2 Nxe2 29. Re1 Qe5+ 30. Kh1 Ng3+ 31. Kg1 Qxe1+ 32. Kh2 Ne2 33.
Be6 Qg1# 0-1